| 000 | 00755nam a2200229Ii 4500 | ||
|---|---|---|---|
| 003 | JO-AjNU | ||
| 008 | 230605s9999||||xx |||||||||||||| ||und|| | ||
| 017 | _a2005/9/2328 | ||
| 020 | _a9957-38-054-0 | ||
| 040 |
_aJO-AjNU _bara _erda _cJO-AjNU |
||
| 041 | _aara | ||
| 050 | 1 | 4 | _aGV443.M336 2006 |
| 100 | 3 |
_aإعداد المحاسنة، إبراهيم محمد, _eauthor _921956 |
|
| 245 | 0 | 0 | _aتعليم التربية الرياضية |
| 250 | _aط1 | ||
| 264 | 3 | 1 | _a عمان: دار جرير، 2006 |
| 300 | _a288ص | ||
| 336 |
_atext _btxt _2rdacontent |
||
| 337 |
_aunmediated _bn _2rdamedia |
||
| 338 |
_avolume _bnc _2rdacarrier |
||
| 650 | 4 |
_aالتربية الرياضية - التعلم - المناهج -دراسة وتدريس _921957 |
|
| 999 |
_aA7714 _c11282 _d11282 |
||